[Event "FICGS rapid M 000121 email"]
[Site "FICGS email"]
[Date "2020.11.27"]
[Round "1"]
[White "Cirulis, Ilmars"]
[Black "Michaud, Francois"]
[Result "1/2-1/2"]
[WhiteElo "2239"]
[BlackElo "2147"]
[PlyCount "62"]
[EventDate "2020.??.??"]
[EventType "tourn (rapid)"]
[EventRounds "6"]
[SourceTitle "Corr 2022"]
[Source "ChessBase"]
[SourceDate "2021.10.24"]
[SourceVersion "1"]
[SourceVersionDate "2021.10.24"]
[SourceQuality "1"]

1. c4 e5 2. b3 Nc6 3. Bb2 Nge7 4. e3 d5 5. cxd5 Nxd5 6. Nf3 Bd6 7. d3 Qe7 8. a3 Bg4 9. Be2 f5 10. 0-0 0-0-0 11. Nbd2 h5 12. Qc2 Rhe8 13. Nc4 Nb6 14. b4 Nxc4 15. dxc4 e4 16. Nd4 Qh4 17. g3 Qh3 18. Rfd1 Bxe2 19. Nxe2 h4 20. c5 hxg3 21. fxg3 Ne5 22. Bxe5 Bxe5 23. Rxd8+ Rxd8 24. Rd1 Rh8 25. Nf4 Qh6 26. Rd5 Qf6 27. b5 g5 28. Ng6 Qxg6 29. Rxe5 Qf6 30. Qc3 Rd8 31. b6 axb6 1/2-1/2

[Event "FICGS rapid M 000121 email"]
[Site "FICGS email"]
[Date "2020.11.27"]
[Round "1"]
[White "Michaud, Francois"]
[Black "Romano, Jacopo"]
[Result "1-0"]
[WhiteElo "2147"]
[BlackElo "2115"]
[PlyCount "45"]
[EventDate "2020.??.??"]
[EventType "tourn (rapid)"]
[EventRounds "6"]
[SourceTitle "Corr 2022"]
[Source "ChessBase"]
[SourceDate "2021.10.24"]
[SourceVersion "1"]
[SourceVersionDate "2021.10.24"]
[SourceQuality "1"]

1. d4 Nf6 2. c4 e6 3. Nf3 b6 4. g3 Ba6 5. b3 b5 6. cxb5 Bxb5 7. Bg2 d5 8. 0-0 Nbd7 9. Nc3 Ba6 10. Bb2 Be7 11. Rc1 0-0 12. Na4 Rc8 13. Nc5 Nxc5 14. dxc5 c6 15. Re1 Ne4 16. b4 f5 17. Nd4 Qd7 18. f3 Ng5 19. h4 Nf7 20. e4 fxe4 21. Bh3 Bf6 22. fxe4 Qc7 23. e5 1-0

[Event "FICGS rapid M 000121 email"]
[Site "FICGS email"]
[Date "2020.11.27"]
[Round "1"]
[White "Staggat, Rolf"]
[Black "Michaud, Francois"]
[Result "1/2-1/2"]
[WhiteElo "2110"]
[BlackElo "2147"]
[PlyCount "65"]
[EventDate "2020.??.??"]
[EventType "tourn (rapid)"]
[EventRounds "6"]
[SourceTitle "Corr 2022"]
[Source "ChessBase"]
[SourceDate "2021.10.24"]
[SourceVersion "1"]
[SourceVersionDate "2021.10.24"]
[SourceQuality "1"]

1. e4 c5 2. Nf3 d6 3. d4 cxd4 4. Nxd4 Nf6 5. Nc3 a6 6. Be3 e5 7. Nb3 Be6 8. f3 h5 9. Nd5 Bxd5 10. exd5 g6 11. Qd2 Nbd7 12. 0-0-0 Nb6 13. Qa5 Bh6 14. Bxh6 Rxh6 15. Qd2 Rh8 16. f4 Nbd7 17. Be2 Qb6 18. fxe5 Nxe5 19. Qf4 Nfd7 20. h4 0-0-0 21. Rd4 Rhe8 22. Rb4 Qa7 23. Rd1 Nc5 24. Nd4 Qb8 25. g4 hxg4 26. Bxg4+ f5 27. Be2 Qc7 28. h5 gxh5 29. Qxf5+ Kb8 30. Kb1 h4 31. Qh3 Qe7 32. Bg4 Ka8 33. Bf5 1/2-1/2

[Event "OP-2020-0-04992"]
[Site "LSS email"]
[Date "2020.07.21"]
[Round "?"]
[White "Michaud, Francois"]
[Black "Correa de Almeida, Claudio"]
[Result "1-0"]
[WhiteElo "2015"]
[BlackElo "1551"]
[PlyCount "107"]
[EventDate "2020.06.30"]
[EventType "tourn (corr)"]
[EventRounds "4"]
[EventCountry "GER"]
[SourceTitle "Corr 2022"]
[Source "ChessBase"]
[SourceDate "2021.10.24"]
[SourceVersion "1"]
[SourceVersionDate "2021.10.24"]
[SourceQuality "1"]

1. d4 Nf6 2. c4 e6 3. g3 Bb4+ 4. Bd2 Bxd2+ 5. Qxd2 d5 6. Bg2 c6 7. Nf3 Nbd7 8. 0-0 b6 9. Ne5 Bb7 10. Nc3 0-0 11. Rfd1 Qe7 12. e4 Nxe4 13. Nxe4 dxe4 14. Bxe4 Nxe5 15. dxe5 c5 16. Bxb7 Qxb7 17. Qe2 a6 18. Rd6 b5 19. Rc1 Rac8 20. h4 h6 21. h5 Kh8 22. b3 Rc7 23. Kh2 Qa8 24. Qe3 Rcc8 25. Rc2 Rc7 26. Rc3 b4 27. Rcd3 a5 28. g4 a4 29. Kg3 Rfc8 30. f4 Re7 31. Qf3 Qa5 32. Rd1 axb3 33. axb3 Qa2 34. g5 Qc2 35. R6d3 Ra7 36. g6 fxg6 37. hxg6 Rg8 38. Qf2 Qxf2+ 39. Kxf2 Raa8 40. Kf3 Rge8 41. Rd7 Rf8 42. R1d6 Ra3 43. Rxe6 Rxb3+ 44. Kg4 Rc3 45. Ree7 Rc1 46. Rxg7 Rg1+ 47. Kh3 Rf5 48. Kh2 Rg4 49. Rh7+ Kg8 50. Rd8+ Rf8 51. Rxf8+ Kxf8 52. f5 Rg5 53. Rf7+ Ke8 54. e6 1-0

[Event "FICGS class A 000233 email"]
[Site "FICGS email"]
[Date "2020.07.07"]
[Round "1"]
[White "Hallqvist, Niklas"]
[Black "Michaud, Francois"]
[Result "1/2-1/2"]
[WhiteElo "2069"]
[BlackElo "2066"]
[PlyCount "81"]
[EventDate "2020.??.??"]
[EventType "tourn (corr)"]
[EventRounds "6"]
[SourceTitle "Corr 2022"]
[Source "ChessBase"]
[SourceDate "2021.10.24"]
[SourceVersion "1"]
[SourceVersionDate "2021.10.24"]
[SourceQuality "1"]

1. c4 e5 2. g3 Nf6 3. Bg2 d5 4. cxd5 Nxd5 5. Nc3 Nb6 6. Nf3 Nc6 7. 0-0 Be7 8. d3 0-0 9. a3 Be6 10. b4 a5 11. b5 Nd4 12. Bb2 Nb3 13. Rb1 f6 14. Nd2 Nxd2 15. Qxd2 Rb8 16. Qc2 Qd7 17. Rfd1 Rfd8 18. Bc1 Rdc8 19. Be4 h6 20. d4 exd4 21. e3 f5 22. Rxd4 Bd6 23. Bf3 Qf7 24. Ne2 Be5 25. Rd2 Nc4 26. Rd3 Bf6 27. Nf4 Ne5 28. Be2 Nxd3 29. Nxe6 Qxe6 30. Bxd3 Qe7 31. Bxf5 Re8 32. a4 Kh8 33. Kg2 Rbd8 34. h4 Qd6 35. e4 Qd1 36. Qa2 Qd3 37. Ba3 Rxe4 38. Qf7 Qxb1 39. Qg6 Kg8 40. Qh7+ Kf7 41. Qg6+ 1/2-1/2

[Event "FICGS class A 000233 email"]
[Site "FICGS email"]
[Date "2020.07.07"]
[Round "1"]
[White "Michaud, Francois"]
[Black "Slawomir, Weglicki"]
[Result "1/2-1/2"]
[WhiteElo "2066"]
[BlackElo "2167"]
[PlyCount "81"]
[EventDate "2020.??.??"]
[EventType "tourn (corr)"]
[EventRounds "6"]
[SourceTitle "Corr 2022"]
[Source "ChessBase"]
[SourceDate "2021.10.24"]
[SourceVersion "1"]
[SourceVersionDate "2021.10.24"]
[SourceQuality "1"]

1. e4 c5 2. Nf3 d6 3. d4 cxd4 4. Nxd4 Nf6 5. Nc3 g6 6. Be3 Bg7 7. f3 0-0 8. Qd2 Nc6 9. 0-0-0 d5 10. Kb1 Nxd4 11. e5 Nf5 12. exf6 exf6 13. Nxd5 Nxe3 14. Qxe3 Be6 15. Bc4 f5 16. Nc3 Qc8 17. Bxe6 Qxe6 18. Qxe6 fxe6 19. Nb5 Rf7 20. Rhe1 a6 21. Nd6 Re7 22. a4 Rd8 23. Rd3 Kf8 24. a5 e5 25. Red1 Rdd7 26. c3 e4 27. fxe4 fxe4 28. Re3 Be5 29. Rf1+ Kg7 30. Nc8 Rf7 31. Rxf7+ Rxf7 32. h3 Rf4 33. Nb6 Kf7 34. Nc4 Bc7 35. Re2 Ke6 36. b4 h5 37. Kc2 Kd5 38. Ne3+ Ke5 39. c4 Kd4 40. Nd5 Rf7 41. Kb3 1/2-1/2

[Event "FICGS class A 000231 email"]
[Site "FICGS email"]
[Date "2020.06.10"]
[Round "1"]
[White "Michaud, Francois"]
[Black "Slawomir, Weglicki"]
[Result "1/2-1/2"]
[WhiteElo "2000"]
[BlackElo "2151"]
[PlyCount "33"]
[EventDate "2020.??.??"]
[EventType "tourn (corr)"]
[EventRounds "6"]
[SourceTitle "Corr 2022"]
[Source "ChessBase"]
[SourceDate "2021.10.24"]
[SourceVersion "1"]
[SourceVersionDate "2021.10.24"]
[SourceQuality "1"]

1. d4 d5 2. c4 c6 3. cxd5 cxd5 4. Nc3 Nf6 5. Bf4 Nc6 6. e3 Bf5 7. Qb3 Na5 8. Qa4+ Bd7 9. Qc2 e6 10. Bd3 Rc8 11. Nf3 Bb4 12. 0-0 h6 13. Rfc1 0-0 14. h3 a6 15. Ne5 Bxc3 16. bxc3 Bb5 17. Bxb5 1/2-1/2

[Event "FICGS class A 000231 email"]
[Site "FICGS email"]
[Date "2020.06.10"]
[Round "1"]
[White "Spagnoli, Vincenzo"]
[Black "Michaud, Francois"]
[Result "1/2-1/2"]
[WhiteElo "2000"]
[BlackElo "2000"]
[PlyCount "36"]
[EventDate "2020.??.??"]
[EventType "tourn (corr)"]
[EventRounds "6"]
[SourceTitle "Corr 2022"]
[Source "ChessBase"]
[SourceDate "2021.10.24"]
[SourceVersion "1"]
[SourceVersionDate "2021.10.24"]
[SourceQuality "1"]

1. d4 Nf6 2. Nf3 e6 3. e3 d5 4. c4 Be7 5. Nc3 0-0 6. Bd3 dxc4 7. Bxc4 a6 8. 0-0 b5 9. Bd3 Bb7 10. a3 c5 11. dxc5 Bxc5 12. b4 Be7 13. Bb2 Nbd7 14. Ne2 Rc8 15. Ng3 Nb6 16. Ne5 Bd6 17. Ng4 Nxg4 18. Qxg4 g6 1/2-1/2

[Event "SA-2020-0-00725"]
[Site "LSS email"]
[Date "2020.06.09"]
[Round "?"]
[White "Catozzi, Mauro"]
[Black "Michaud, Francois"]
[Result "1/2-1/2"]
[WhiteElo "2140"]
[BlackElo "2010"]
[PlyCount "60"]
[EventDate "2020.05.02"]
[EventType "tourn (corr)"]
[EventRounds "6"]
[EventCountry "GER"]
[SourceTitle "Corr 2022"]
[Source "ChessBase"]
[SourceDate "2021.10.24"]
[SourceVersion "1"]
[SourceVersionDate "2021.10.24"]
[SourceQuality "1"]

1. e4 c5 2. Nf3 d6 3. d4 cxd4 4. Nxd4 Nf6 5. Nc3 a6 6. Bg5 e6 7. f4 Qb6 8. Qd2 Qxb2 9. Rb1 Qa3 10. f5 Nc6 11. fxe6 fxe6 12. Nxc6 bxc6 13. Be2 Be7 14. 0-0 0-0 15. Rb3 Qc5+ 16. Be3 Qe5 17. Bf4 Qc5+ 18. Kh1 Ng4 19. h3 e5 20. Na4 Qa7 21. Bc4+ Kh8 22. hxg4 exf4 23. Nb6 d5 24. exd5 cxd5 25. Bxd5 Rb8 26. Nxc8 Rbxc8 27. Rh3 Qb6 28. Re1 Rce8 29. Qe2 h6 30. Qe5 Qf6 1/2-1/2

[Event "SA-2020-0-00725"]
[Site "LSS email"]
[Date "2020.06.09"]
[Round "?"]
[White "Michaud, Francois"]
[Black "Mujica, Hector"]
[Result "1/2-1/2"]
[WhiteElo "2010"]
[BlackElo "2047"]
[PlyCount "59"]
[EventDate "2020.05.02"]
[EventType "tourn (corr)"]
[EventRounds "6"]
[EventCountry "GER"]
[SourceTitle "Corr 2022"]
[Source "ChessBase"]
[SourceDate "2021.10.24"]
[SourceVersion "1"]
[SourceVersionDate "2021.10.24"]
[SourceQuality "1"]

1. d4 Nf6 2. c4 e6 3. Nf3 b6 4. g3 Ba6 5. b3 Bb4+ 6. Bd2 Be7 7. Bg2 d5 8. 0-0 0-0 9. Ne5 c5 10. dxc5 Bxc5 11. Nd3 Nc6 12. Nxc5 bxc5 13. Nc3 Rc8 14. cxd5 Nxd5 15. Re1 Nxc3 16. Bxc3 Nd4 17. Qd2 Qf6 18. f4 Rfd8 19. Qb2 Qg6 20. e3 Nf5 21. Be4 h5 22. Qg2 f6 23. Rac1 Qf7 24. Bf3 c4 25. Qe2 Rd3 26. Bxh5 Qd7 27. Red1 cxb3 28. axb3 Rxd1+ 29. Qxd1 Qb7 30. Bf3 1/2-1/2

[Event "OP-2020-0-04979"]
[Site "LSS email"]
[Date "2020.05.31"]
[Round "?"]
[White "Michaud, Francois"]
[Black "Raines, David T"]
[Result "1-0"]
[WhiteElo "1906"]
[BlackElo "1283"]
[PlyCount "43"]
[EventDate "2020.05.26"]
[EventType "tourn (corr)"]
[EventRounds "4"]
[EventCountry "GER"]
[SourceTitle "Corr 2022"]
[Source "ChessBase"]
[SourceDate "2021.10.24"]
[SourceVersion "1"]
[SourceVersionDate "2021.10.24"]
[SourceQuality "1"]

1. d4 Nf6 2. c4 e6 3. Nf3 d5 4. Nc3 c6 5. Bg5 Be7 6. e3 Nbd7 7. Qc2 0-0 8. Rd1 Re8 9. Bd3 Nf8 10. 0-0 N6d7 11. Bf4 dxc4 12. Bxc4 Nb6 13. Be2 Nd5 14. Bg3 Qa5 15. Ne4 Nd7 16. a3 N7f6 17. Nd6 Rf8 18. e4 Bxd6 19. Bxd6 Rd8 20. b4 Qxa3 21. exd5 Rxd6 22. Ra1 1-0

[Event "FICGS rapid A 000254 email"]
[Site "FICGS email"]
[Date "2020.05.24"]
[Round "1"]
[White "Cleto, Dirceu Jr"]
[Black "Michaud, Francois"]
[Result "1/2-1/2"]
[WhiteElo "2092"]
[BlackElo "2000"]
[PlyCount "29"]
[EventDate "2020.??.??"]
[EventType "tourn (rapid)"]
[EventRounds "6"]
[SourceTitle "Corr 2022"]
[Source "ChessBase"]
[SourceDate "2021.10.24"]
[SourceVersion "1"]
[SourceVersionDate "2021.10.24"]
[SourceQuality "1"]

1. e4 c5 2. Nf3 d6 3. d4 cxd4 4. Nxd4 Nf6 5. Nc3 a6 6. f4 e5 7. Nf3 Nbd7 8. a4 Qc7 9. Bd3 Be7 10. 0-0 Nc5 11. Kh1 0-0 12. Qe1 Re8 13. Be3 exf4 14. Bxf4 Bd7 15. Qf2 1/2-1/2

[Event "FICGS rapid A 000254 email"]
[Site "FICGS email"]
[Date "2020.05.24"]
[Round "1"]
[White "Michaud, Francois"]
[Black "Kuliy, Oleksandr"]
[Result "0-1"]
[WhiteElo "2000"]
[BlackElo "2003"]
[PlyCount "182"]
[EventDate "2020.??.??"]
[EventType "tourn (rapid)"]
[EventRounds "6"]
[SourceTitle "Corr 2022"]
[Source "ChessBase"]
[SourceDate "2021.10.24"]
[SourceVersion "1"]
[SourceVersionDate "2021.10.24"]
[SourceQuality "1"]

1. d4 d5 2. c4 e6 3. Nc3 a6 4. cxd5 exd5 5. Bf4 Nf6 6. e3 Bd6 7. Bg5 c6 8. Bd3 0-0 9. Nge2 h6 10. Bh4 Re8 11. h3 Be6 12. 0-0 Nbd7 13. a4 Nf8 14. Qc2 Bb4 15. a5 Bxa5 16. Bxf6 gxf6 17. Ng3 Bc7 18. Nce2 Rb8 19. f4 Kh8 20. Rf3 f5 21. Nxf5 Bxf5 22. Bxf5 Qd6 23. Kh1 Ng6 24. g3 Kg8 25. Bd3 Qf6 26. Nc3 Re7 27. Qf2 Rbe8 28. Rg1 Kh8 29. Bc2 Bb6 30. Rg2 Rd7 31. Na4 Ba7 32. b4 Rde7 33. Nc5 a5 34. f5 Nf8 35. g4 axb4 36. h4 Bxc5 37. g5 Qd6 38. dxc5 Qxc5 39. g6 f6 40. g7+ Rxg7 41. Rfg3 Ree7 42. Qf4 Kh7 43. e4 b3 44. Bxb3 Qd4 45. Bc2 dxe4 46. Bb3 Qd7 47. Rg4 e3 48. Rxg7+ Rxg7 49. Qxe3 Rxg2 50. Kxg2 Qg7+ 51. Kf1 Qc7 52. h5 Qe5 53. Qb6 Qxf5+ 54. Ke1 Qe5+ 55. Kd2 Qe7 56. Kc1 Kh8 57. Qa5 Ne6 58. Kb2 Nd8 59. Ka2 Nf7 60. Qf5 Nd6 61. Qg4 Qd8 62. Qb4 Nb5 63. Qf4 Qf8 64. Qe3 c5 65. Bd5 Nd4 66. Kb1 b5 67. Qd2 b4 68. Ka2 f5 69. Qf4 b3+ 70. Kb1 Kh7 71. Bc4 Qg7 72. Bd3 Qg1+ 73. Bf1 Kg8 74. Kb2 Qg7 75. Kb1 Qa7 76. Qg3+ Qg7 77. Qb8+ Kh7 78. Qb6 Qg1 79. Qb7+ Kg8 80. Qb8+ Kf7 81. Qb7+ Ke6 82. Qb6+ Kd5 83. Qb7+ Ke5 84. Qb8+ Ke4 85. Qe8+ Kf4 86. Qe1 Qh2 87. Qc1+ Kg4 88. Qd1+ Kh4 89. Qe1+ Kxh5 90. Qe8+ Kg4 91. Qg8+ Kf3 0-1

[Event "FICGS rapid B 000342 email"]
[Site "FICGS email"]
[Date "2020.05.13"]
[Round "1"]
[White "Domingo Gadea, Jordi"]
[Black "Michaud, Francois"]
[Result "0-1"]
[WhiteElo "1944"]
[BlackElo "2000"]
[PlyCount "30"]
[EventDate "2020.??.??"]
[EventType "tourn (rapid)"]
[EventRounds "6"]
[SourceTitle "Corr 2022"]
[Source "ChessBase"]
[SourceDate "2021.10.24"]
[SourceVersion "1"]
[SourceVersionDate "2021.10.24"]
[SourceQuality "1"]

1. g4 d5 2. Bg2 Bxg4 3. c4 c6 4. Qb3 Nf6 5. Qxb7 Nbd7 6. Nc3 e5 7. b4 Rb8 8. Qxc6 Rb6 9. Qa4 Rxb4 10. Qxa7 Bc5 11. Qa6 Rb6 12. Qa4 d4 13. Nb5 0-0 14. Qc2 e4 15. Bxe4 Bxe2 0-1

[Event "FICGS rapid B 000342 email"]
[Site "FICGS email"]
[Date "2020.05.13"]
[Round "1"]
[White "Ligon, Scott"]
[Black "Michaud, Francois"]
[Result "1/2-1/2"]
[WhiteElo "2000"]
[BlackElo "2000"]
[PlyCount "44"]
[EventDate "2020.??.??"]
[EventType "tourn (rapid)"]
[EventRounds "6"]
[SourceTitle "Corr 2022"]
[Source "ChessBase"]
[SourceDate "2021.10.24"]
[SourceVersion "1"]
[SourceVersionDate "2021.10.24"]
[SourceQuality "1"]

1. e4 c5 2. Nf3 d6 3. d4 cxd4 4. Nxd4 Nf6 5. Nc3 a6 6. Be3 e5 7. Nb3 Be6 8. f3 h5 9. Qd2 Nbd7 10. Nd5 Bxd5 11. exd5 g6 12. Be2 Bg7 13. 0-0 b6 14. Kh1 0-0 15. Rad1 Re8 16. c4 Nc5 17. Na1 e4 18. Nc2 exf3 19. gxf3 Qe7 20. Rfe1 Kh7 21. Bf1 Ng8 22. Bxc5 Qf6 1/2-1/2

[Event "FICGS rapid B 000342 email"]
[Site "FICGS email"]
[Date "2020.05.13"]
[Round "1"]
[White "Michaud, Francois"]
[Black "Galliano, Gianni"]
[Result "1/2-1/2"]
[WhiteElo "2000"]
[BlackElo "2000"]
[PlyCount "51"]
[EventDate "2020.??.??"]
[EventType "tourn (rapid)"]
[EventRounds "6"]
[SourceTitle "Corr 2022"]
[Source "ChessBase"]
[SourceDate "2021.10.24"]
[SourceVersion "1"]
[SourceVersionDate "2021.10.24"]
[SourceQuality "1"]

1. d4 d5 2. c4 c6 3. Nf3 Nf6 4. Nc3 e6 5. Bg5 h6 6. Bh4 dxc4 7. e4 g5 8. Bg3 b5 9. Be2 Bb7 10. h4 g4 11. Ne5 Nbd7 12. Nxd7 Qxd7 13. Be5 Qe7 14. a4 b4 15. Nb1 Bg7 16. Nd2 0-0 17. Nxc4 Rfd8 18. Bd3 Rac8 19. 0-0 c5 20. Rc1 h5 21. Na5 cxd4 22. Rxc8 Rxc8 23. Qd2 Nh7 24. Bxg7 Kxg7 25. Nxb7 Qxb7 26. f3 1/2-1/2

[Event "FICGS rapid B 000342 email"]
[Site "FICGS email"]
[Date "2020.05.13"]
[Round "1"]
[White "Michaud, Francois"]
[Black "Quintero, Raul"]
[Result "1-0"]
[WhiteElo "2000"]
[BlackElo "1863"]
[PlyCount "67"]
[EventDate "2020.??.??"]
[EventType "tourn (rapid)"]
[EventRounds "6"]
[SourceTitle "Corr 2022"]
[Source "ChessBase"]
[SourceDate "2021.10.24"]
[SourceVersion "1"]
[SourceVersionDate "2021.10.24"]
[SourceQuality "1"]

1. d4 Nf6 2. c4 c5 3. d5 d6 4. Nc3 g6 5. e4 Bg7 6. Bd3 0-0 7. h3 a6 8. a4 Nbd7 9. Nf3 Qc7 10. 0-0 e6 11. Be3 exd5 12. exd5 b6 13. Qd2 Bb7 14. g4 Rfe8 15. Rae1 Re7 16. Bh6 Rae8 17. Rxe7 Rxe7 18. Bxg7 Kxg7 19. Nh4 Ne5 20. g5 Ne8 21. f4 Nxd3 22. Qxd3 Bc8 23. f5 Bxf5 24. Nxf5+ gxf5 25. Rxf5 Re1+ 26. Kf2 Qe7 27. Ne2 Rh1 28. Kg2 Re1 29. Qc3+ Kg8 30. Qxe1 Qe4+ 31. Rf3 Qxc4 32. Nc3 Ng7 33. Qe7 Nh5 34. Qxf7+ 1-0

[Event "FICGS class A 000229 email"]
[Site "FICGS email"]
[Date "2020.05.12"]
[Round "1"]
[White "Battaglia, Roberto"]
[Black "Michaud, Francois"]
[Result "1/2-1/2"]
[WhiteElo "2178"]
[BlackElo "2000"]
[PlyCount "47"]
[EventDate "2020.??.??"]
[EventType "tourn (corr)"]
[EventRounds "6"]
[SourceTitle "Corr 2022"]
[Source "ChessBase"]
[SourceDate "2021.10.24"]
[SourceVersion "1"]
[SourceVersionDate "2021.10.24"]
[SourceQuality "1"]

1. d4 d5 2. c4 e6 3. Nf3 Nf6 4. Nc3 c6 5. e3 Nbd7 6. Qc2 Bd6 7. Bd3 0-0 8. 0-0 dxc4 9. Bxc4 b5 10. Bd3 Bb7 11. a3 a5 12. e4 e5 13. dxe5 Nxe5 14. Nxe5 Bxe5 15. h3 Ba6 16. Rd1 Qe7 17. Be3 b4 18. Na4 Bxd3 19. Rxd3 Nxe4 20. Rad1 Rfe8 21. axb4 axb4 22. Qxc6 Rab8 23. Rd7 Qh4 24. Qc4 1/2-1/2